| 000 | 01246nam a22002417a 4500 | ||
|---|---|---|---|
| 003 | NALT | ||
| 005 | 20210820132523.0 | ||
| 008 | s2533 th tha d | ||
| 020 | _a9746113755 | ||
| 040 | _aNALT | ||
| 041 | _atha | ||
| 050 | _aP91.25 ส747อ 2533 | ||
| 110 | 0 | _aมหาวิทยาลัยสุโขทัยธรรมาธิราช. สาขาวิชานิเทศศาสตร์ | |
| 245 | 1 | 0 | _aเอกสารการสอนชุดวิชา หลักและทฤษฎีการสื่อสาร หน่วยที่ 9-15 [6th] |
| 246 | _aPrinciples and theories of commuication | ||
| 260 | 3 |
_aนนทบุรี : _bสำนักพิมพ์มหาวิทยาลัยสุโขทัยธรรมาธิราช, _c2533 |
|
| 300 |
_a972 หน้า : _b ตาราง, แผนภูมิ ; _c 29 ซม. |
||
| 610 | _aมหาวิทยาลัยสุโขทัยธรรมาธิราช. สาขาวิชานิเทศศาสตร์ | ||
| 650 | 0 | 4 | _aการสื่อสาร -- ทฤษฎี |
| 650 | 0 | 4 | _aการสื่อสาร -- ทฤษฎี |
| 850 | _aNALT | ||
| 942 |
_cGB _2lcc |
||
| 999 |
_c41473 _d41473 |
||
| 998 |
_j109 _k อารีรัตน์ วิชาช่าง |
||